| 000 | 00477 a2200169 4500 | ||
|---|---|---|---|
| 003 | Nust | ||
| 005 | 20251020123548.0 | ||
| 040 | _cNust | ||
| 082 | _a621.382,ANW | ||
| 100 |
_aAnwar , Asad Capt (TE-34) _9131245 |
||
| 245 |
_aMicro-controller Based fire alarm system / _cCapt Asad Anwar & Capt Muhammad Imran , Capt Shahid Asghar |
||
| 260 |
_aRawalpindi _bMCS _c2001 |
||
| 300 | _a142, p,; | ||
| 650 |
_aUG Projects _998716 |
||
| 651 |
_aTE-34 _9131246 |
||
| 942 |
_cPR _2ddc |
||
| 999 |
_c182645 _d182645 |
||